| 000 | 00407nam a22001697a 4500 | ||
|---|---|---|---|
| 003 | MPLRDC | ||
| 005 | 20220104114549.0 | ||
| 008 | 210129b ||||| |||| 00| 0 eng d | ||
| 082 | _a220.8 XFBD v.19 | ||
| 100 | _a高毓麟 | ||
| 245 |
_a佛教常用术语 _c |
||
| 260 |
_a _b常春树书坊 _c1984 |
||
| 300 | _b平 | ||
| 490 | _a学佛必读. 19 | ||
| 650 | _a佛教丛书 | ||
| 942 |
_cBK _o220.8 XFBD v.19 |
||
| 999 |
_c8466 _d8456 |
||